| 000 | 00807nam a2200241Ia 4500 | ||
|---|---|---|---|
| 003 | GCL | ||
| 008 | 140319s9999 xx 000 0 ara d | ||
| 040 |
_aGCL / _cGCL |
||
| 082 | 0 | 4 |
_a301.154 _bى د |
| 100 | 1 | _aيانلكوفيتش، دانييل | |
| 245 | 1 | 0 |
_aالديمقراطية وقرار الجماهير كيف تنجح الديمقراطية فى عالم اكثر تعقيدا / _cيانلكوفيتش، دانييل |
| 700 | 1 | _aكمال عبد الرؤوف | |
| 300 | _a366 ص | ||
| 490 | _a | ||
| 650 | 0 | 4 | _aالانتخابات |
| 650 | 0 | 4 | _aالديمقراطية |
| 650 | 0 | 4 | _aالحرية |
| 650 | 0 | 4 | _aالقانون الدستورى |
| 650 | 0 | 4 | _aالراى العام |
| 650 | 0 | 4 | _aالدولة النيابية |
| 650 | 0 | 4 | _aاتخاذ القرارات |
| 942 |
_2ddc _cBK |
||
| 999 |
_c37656 _d37656 |
||